| 000 | 00955nam a2200253 i 4500 | ||
|---|---|---|---|
| 001 | 57487 | ||
| 003 | ES-MaACL | ||
| 005 | 20250415213634.0 | ||
| 007 | t| | ||
| 008 | 031016m19761982sp ||||1| spa d | ||
| 100 | 1 |
_aDroz, Jacques ( _d1909-1998) _945673 |
|
| 245 | 1 | 0 |
_aHistoria general del socialismo / _cpublicada bajo la dirección de Jacques Droz... ; [traducción del francés de Elvira Méndez y Pablo Rodriguez ; revisión y adaptación de Manuel Sacristán, Ramón Sol]. |
| 250 | _a[1ª ed.]. | ||
| 260 |
_aBarcelona : _bDestino, _c[1976-82] |
||
| 300 |
_a2 v. ; _c23 cm. |
||
| 505 | 8 | _aContiene: V. I: De los orígenes a 1875. -- V. III: De 1918 a 1945 | |
| 650 | 4 |
_aSocialismo- _xHistoria. _9135485 |
|
| 700 | 1 |
_aMéndez, Elvira. _980116 |
|
| 700 | 1 |
_aSacristán, Manuel, _d1925-1985 _9101268 |
|
| 700 | 0 |
_aRodríguez, Pablo. _998289 |
|
| 700 | 0 |
_aSol, Ramón. _9107037 |
|
| 852 |
_aES-MaACL _jP-417 _bR.95763 |
||
| 999 |
_c57487 _d57487 |
||